Суперкомпьютерные технологии (Запись № 12151216)

Подробности
000 -МАРКЕР
контрольное поле 01679nam1a2200289 i 4500
001 - ИДЕНТИФИКАТОР ЗАПИСИ
контрольное поле RU\NLR\BIBL_A\012151460
005 - ИДЕНТИФИКАТОР ВЕРСИИ
контрольное поле 20260407072438.0
010 ## - МЕЖДУНАРОДНЫЙ СТАНДАРТНЫЙ НОМЕР КНИГИ (ISBN)
Номер (ISBN) 9785927528332
035 ## - ДРУГИЕ СИСТЕМНЫЕ НОМЕРА
Идентификатор записи (NLR Aleph) 012151460
100 ## - ДАННЫЕ ОБЩЕЙ ОБРАБОТКИ
Данные общей обработки 20191203d2018 k y0rusy50 ca
101 0# - ЯЗЫК РЕСУРСА
Язык текста, звукозаписи и т.д. русский
102 ## - СТРАНА ПУБЛИКАЦИИ ИЛИ ПРОИЗВОДСТВА
Страна публикации Российская Федерация
105 ## - ПОЛЕ КОДИРОВАННЫХ ДАННЫХ: ТЕКСТОВЫЕ МАТЕРИАЛЫ, МОНОГРАФИЧЕСКИЕ
Кодированные данные о монографическом текстовом документе z 1
200 1# - ЗАГЛАВИЕ И СВЕДЕНИЯ ОБ ОТВЕТСТВЕННОСТИ
Основное заглавие Суперкомпьютерные технологии
Сведения, относящиеся к заглавию СКТ-2018
Первые сведения об ответственности Министерство науки и высшего образования Российской Федерации, Российская академия наук [и др.]
Сведения, относящиеся к заглавию материалы 5-й Всероссийской научно-технической конференции, 17-22 сентября 2018 г., Дивноморское, Геленджик
-- [в 2 т.]
210 ## - ПУБЛИКАЦИЯ, РАСПРОСТРАНЕНИЕ И ДР.
Место издания, распространения и т.д. Ростов-на-Дону
Имя издателя, распространителя и т. д. Таганрог
-- Изд-во Южного федерального университета
Дата издания, распространения и т.д. 2018
215 ## - ФИЗИЧЕСКАЯ ХАРАКТЕРИСТИКА
Размеры 20
320 ## - ПРИМЕЧАНИЯ О НАЛИЧИИ В ДОКУМЕНТЕ БИБЛИОГРАФИИ / УКАЗАТЕЛЯ
Текст примечания Библиогр. в конце ст.
606 ## - НАИМЕНОВАНИЕ ТЕМЫ КАК ПРЕДМЕТ
Наименование темы Суперкомпьютеры
Формальный подзаголовок Съезды, совещания и т.п
Системный номер авторитетной/нормативной записи 1322657
Идентификатор авторитетной/нормативной записи RU\NLR\AUTH\66233933
686 1# - ИНДЕКСЫ ДРУГИХ КЛАССИФИКАЦИЙ
Индекс З973.202я431(2)
711 12 - НАИМЕНОВАНИЕ ОРГАНИЗАЦИИ - АЛЬТЕРНАТИВНАЯ ОТВЕТСТВЕННОСТЬ
Начальный элемент ввода "Суперкомпьютерные технологии", всероссийская научно-техническая конференция
Порядковый номер временной организации и / или порядковый номер ее части 5
Место проведения временной организации с. Дивноморское, Геленджик
Дата проведения временной организации 2018
Системный номер авторитетной/нормативной записи 686774
Идентификатор авторитетной/нормативной записи RU\NLR\AUTH\880513122
712 02 - НАИМЕНОВАНИЕ ОРГАНИЗАЦИИ - ВТОРИЧНАЯ ОТВЕТСТВЕННОСТЬ
Код отношения Прочие
Начальный элемент ввода Российская академия наук
Системный номер авторитетной/нормативной записи 272489
Идентификатор авторитетной/нормативной записи RU\NLR\AUTH\881057
852 ## - МЕСТОНАХОЖДЕНИЕ И ШИФР ХРАНЕНИЯ
Идентификатор организации NLR
Шифр хранения (Call Number) 2019-3\29756
942 ## - ДОПОЛНИТЕЛЬНЫЕ ЭЛЕМЕНТЫ ЗАПИСИ (АБИС)
Тип экземпляра АБИС Книга

Нет доступных экземпляров.